|
|
|
|
| LEADER |
01408nam a2200337 a 4500 |
| 001 |
c000383779 |
| 003 |
CARM |
| 005 |
00000000000000.0 |
| 008 |
880929s1988 gw af b s00010 ger |
| 019 |
1 |
|
|a 69850804
|5 LACONCORD2021
|
| 020 |
|
|
|a 392381304X
|
| 035 |
|
|
|a (OCoLC)19322134
|5 LACONCORD2021
|
| 040 |
|
|
|a VDU
|c VDU
|
| 043 |
|
|
|a a-is---
|
| 050 |
0 |
0 |
|a NK440.I75
|b B486 1988
|
| 082 |
0 |
4 |
|a 701.0956944
|
| 100 |
1 |
|
|a Oltuski, Ilona.
|
| 245 |
1 |
0 |
|a Kunst und Ideologie des Bezalels in Jerusalem :
|b ein Versuch zur jüdischen Identitätsfindung /
|c Ilona Oltuski.
|
| 260 |
|
|
|a Frankfurt [am Main] :
|b Kunstgeschichtliches Institut der Johann Wolfgang Goethe-Universität,
|c 1988.
|
| 300 |
|
|
|a 227 p., [52] leaves of plates :
|b 113 ill. ;
|c 21 cm.
|
| 490 |
0 |
|
|a Frankfurter Fundamente der Kunstgeschichte,
|x 0175-3517 ;
|v Bd. 5.
|
| 502 |
|
|
|a Thesis (doctoral)--Johann Wolfgang Goethe-Universität, 1987.
|
| 504 |
|
|
|a Bibliography: p. 215-227.
|
| 610 |
2 |
0 |
|a Betsalʾel (Academy)
|x History.
|
| 650 |
|
0 |
|a Decorative arts
|x Study and teaching
|z Jerusalem.
|
| 650 |
|
0 |
|a Art, Jewish
|z Palestine.
|
| 650 |
|
0 |
|a Jews
|x Cultural assimilation.
|
| 650 |
|
0 |
|a Jews
|x Identity.
|
| 852 |
8 |
|
|b CARM
|h A3:AD25A0
|i B11608
|p 0479550
|f BK
|
| 999 |
f |
f |
|i 92aaed95-8a02-5e8b-b33c-cf3bb5c55433
|s 9e494fb1-d8bc-5a37-b667-d2f01470517a
|
| 952 |
f |
f |
|p Can circulate
|a CAVAL
|b CAVAL
|c CAVAL
|d CARM 1 Store
|e B11608
|f A3:AD25A0
|h Other scheme
|i book
|m 0479550
|